书目信息 |
| 题名: |
瓦西里·焦尔金
|
|
| 作者: | ;飞白 译 ;特瓦尔多夫斯基 著 | |
| 分册: | ||
| 出版信息: | 成都 四川人民出版社 2022.02 |
|
| 页数: | 22, 452页 | |
| 开本: | 21cm | |
| 丛书名: | ||
| 单 册: | ||
| 中图分类: | I512.25 | |
| 科图分类: | ||
| 主题词: | 诗集--shi ji--苏联 | |
| 电子资源: | ||
| ISBN: | 978-7-220-12558-4 | |
| 000 | 01106nam0 2200229 450 | |
| 001 | 011025152732 | |
| 005 | 20221025152732.0 | |
| 010 | @a978-7-220-12558-4@dCNY72.00 | |
| 100 | @a20201004d2022 em y0chiy0110 ea | |
| 101 | 1 | @achi@crus |
| 102 | @aCN@b510000 | |
| 105 | @aa z 000gy | |
| 106 | @ar | |
| 200 | 1 | @a瓦西里·焦尔金@Awa xi li jiao er jin@e特瓦尔多夫斯基诗选@f(苏) 特瓦尔多夫斯基著@g飞白译 |
| 210 | @a成都@c四川人民出版社@d2022.02 | |
| 215 | @a22, 452页@c图, 照片@d21cm | |
| 330 | @a本书收录苏联著名诗人特瓦尔多夫斯基的诗歌代表作。内容分为两部分,第一部为诗歌精选;第二部分为作者的代表作品,长诗《瓦西里·焦尔金》,这首诗为作者带来无数盛誉。特瓦尔多夫斯基诗作风格真挚平易,浸透泥土气息,跳动着时代的脉搏,回荡着时代的呼声。后期的抒情诗尤为深邃清澈而富于哲理,大都涉及存在主题,思考深而出语淡,不以技巧取胜,“思想即诗,诗即思想”,具有与邱特切夫相似的哲理抒情诗传统。曾获斯大林奖金和列宁奖金。 | |
| 606 | 0 | @a诗集@Ashi ji@y苏联 |
| 690 | @aI512.25@v5 | |
| 702 | 0 | @a飞白@Afei bai@4译 |
| 711 | 02 | @c(苏)@a特瓦尔多夫斯基@Ate wa er duo fu si ji@4著 |
| 905 | @a河南城建学院图书馆@dI512.25@eT410 | |
| 瓦西里·焦尔金:特瓦尔多夫斯基诗选/(苏) 特瓦尔多夫斯基著/飞白译.-成都:四川人民出版社,2022.02 |
| 22, 452页:图, 照片;21cm |
| ISBN 978-7-220-12558-4:CNY72.00 |
| 本书收录苏联著名诗人特瓦尔多夫斯基的诗歌代表作。内容分为两部分,第一部为诗歌精选;第二部分为作者的代表作品,长诗《瓦西里·焦尔金》,这首诗为作者带来无数盛誉。特瓦尔多夫斯基诗作风格真挚平易,浸透泥土气息,跳动着时代的脉搏,回荡着时代的呼声。后期的抒情诗尤为深邃清澈而富于哲理,大都涉及存在主题,思考深而出语淡,不以技巧取胜,“思想即诗,诗即思想”,具有与邱特切夫相似的哲理抒情诗传统。曾获斯大林奖金和列宁奖金。 |
| ● |
| 相关链接 |
|
|
|
正题名:瓦西里·焦尔金
索取号:I512.25/T410
 
预约/预借
| 序号 | 登录号 | 条形码 | 馆藏地/架位号 | 状态 | 备注 |
| 1 | 1585534 | 215855340 | 文学库116/116文学库 16排2列6层/ [索取号:I512.25/T410] | 在馆 | |
| 2 | 1585535 | 215855359 | 文学库116/116文学库 16排2列6层/ [索取号:I512.25/T410] | 在馆 |